[Event "Large Candidates Tournament"]
[Site "SchemingMind.com"]
[Date "2007.08.22"]
[Round "-"]
[White "Inkvizitor"]
[Black "tacticrules"]
[Result "0-1"]
[WhiteCountry "CRO"]
[BlackCountry "GER"]
[WhiteElo "1376"]
[WhiteRD "97"]
[BlackElo "1405"]
[BlackRD "54"]
[GameID "117483"]

1. d4 Nf6 2. c4 e6 3. Nc3 Bb4 4. Qc2 O-O 5. e4 d6 6. a3 Bxc3+ 7. bxc3 e5 8. d5 c6 9. Bd3 a6 10. Ne2 cxd5
11. cxd5 b5 12. Bg5 Bb7 13. O-O Nbd7 14. Ng3 h6 15. Bd2 Rc8 16. Nf5 Nc5 17. Rfe1 Qb6 18. Ne7+ Kh8 19. Nxc8 Rxc8 20. Be3 Ng4
21. Bxc5 Qxc5 22. Bf1 Qxc3 23. Qxc3 Rxc3 24. Rec1 Rxc1 25. Rxc1 Nf6
0-1

[Event "Large Candidates Tournament"]
[Site "SchemingMind.com"]
[Date "2007.08.22"]
[Round "-"]
[White "tacticrules"]
[Black "Inkvizitor"]
[Result "1/2-1/2"]
[WhiteCountry "GER"]
[BlackCountry "CRO"]
[WhiteElo "1677"]
[WhiteRD "51"]
[BlackElo "1630"]
[BlackRD "190"]
[GameID "117484"]

1. Nf3 Nf6 2. c4 c5 3. g3 b6 4. Bg2 Bb7 5. O-O e6 6. Nc3 Be7 7. d4 cxd4 8. Qxd4 d6 9. Rd1 O-O 10. Be3 Nc6
11. Qd2 Ng4 12. Bf4 Nge5 13. Bxe5 dxe5 14. Qxd8 Rfxd8=
1/2-1/2

[Event "Large Candidates Tournament"]
[Site "SchemingMind.com"]
[Date "2007.08.22"]
[Round "-"]
[White "Dannibal"]
[Black "tacticrules"]
[Result "0-1"]
[WhiteCountry "BEL"]
[BlackCountry "GER"]
[WhiteElo "781"]
[WhiteRD "104"]
[BlackElo "1677"]
[BlackRD "51"]
[GameID "117485"]

1. d4 Nf6 2. Nc3 e6 3. Bg5 d5 4. Nf3 Be7 5. Ne5 O-O 6. g3 c5 7. dxc5 Bxc5 8. Bh3 Nc6 9. Nxc6 bxc6 10. Na4 Qa5+
11. Qd2 Qxa4 12. O-O-O Ne4 13. f4 Nxd2 14. Rxd2 Be3 15. b3 Bxd2+ 16. Kxd2 Qxa2 17. Rf1 Rb8 18. Be7 Re8 19. Bd6 Rxb3 20. Rf3 Rxf3
21. exf3 f5 22. g4 Ba6 23. gxf5 exf5 24. Bxf5 Qc4 25. h4 Re2+ 26. Kd1 Qd4+ 27. Kc1 Re1#
0-1

[Event "Large Candidates Tournament"]
[Site "SchemingMind.com"]
[Date "2007.08.22"]
[Round "-"]
[White "tacticrules"]
[Black "Dannibal"]
[Result "1-0"]
[WhiteCountry "GER"]
[BlackCountry "BEL"]
[WhiteElo "1677"]
[WhiteRD "51"]
[BlackElo "781"]
[BlackRD "104"]
[GameID "117487"]

1. d4 Nf6 2. c4 c6 3. Nf3 Qa5+ 4. Bd2 Qf5 5. Nc3 e6 6. Rc1 Bb4 7. Qb3 Bxc3 8. Bxc3 Qf4 9. e3 Qf5 10. Be2 b6
11. O-O c5 12. Rfd1 h5 13. Bd3 Qg4 14. h3 Qxg2+ 15. Kxg2 Nc6 16. d5 exd5 17. Bxf6 gxf6 18. cxd5 Rg8+ 19. Kh2 Ne5 20. Nxe5 Rg7
21. Nf3 d6 22. Bb5+ Bd7 23. Bxd7+ Kxd7 24. Qb5+ Kd8 25. Nd4 Rg5 26. Qc6 f5 27. Qxa8+ Kd7 28. Qxa7+ Kd8 29. Nc6+ Ke8 30. Qe7#
1-0

[Event "Large Candidates Tournament"]
[Site "SchemingMind.com"]
[Date "2007.08.22"]
[Round "-"]
[White "Inkvizitor"]
[Black "Dannibal"]
[Result "1-0"]
[WhiteCountry "CRO"]
[BlackCountry "BEL"]
[WhiteElo "1759"]
[WhiteRD "315"]
[BlackElo "850"]
[BlackRD "115"]
[GameID "117488"]

1. d4 e6 2. c4 Bb4+ 3. Nd2 Qg5 4. Nf3 Qf5 5. a3 Bxd2+ 6. Qxd2 b6 7. Qf4 g6 8. Qxc7 Ba6 9. b4 Qc2 10. Qe5 Nc6
11. Qxh8 Kf8 12. Bh6+ Ke7 13. Bg5+ Kd6 14. Rc1 Qf5 15. e3 h6 16. Bf4+ Ke7 17. b5 Bxb5 18. cxb5 Kf8 19. bxc6 dxc6 20. Bd6+ Ke8
21. Qxg8+ Kd7 22. Qxa8 Kxd6 23. Rxc6+ Ke7 24. Qxa7+ Kf6 25. Ne5 g5 26. Qxf7#
1-0

[Event "Large Candidates Tournament"]
[Site "SchemingMind.com"]
[Date "2007.08.22"]
[Round "-"]
[White "jorge47"]
[Black "tacticrules"]
[Result "1-0"]
[WhiteCountry "ARG"]
[BlackCountry "GER"]
[WhiteElo "1580"]
[WhiteRD "75"]
[BlackElo "1570"]
[BlackRD "48"]
[GameID "117524"]

1. e4 e6 2. Nf3 c5 3. d4 cxd4 4. Nxd4 a6 5. Bc4 Nc6 6. c3 Qc7 7. O-O Nf6 8. Bd3 Bc5 9. Be3 Nxd4 10. cxd4 Ba7
11. Nc3 O-O 12. h3 d6 13. Rc1 Qa5 14. a3 Bd7 15. f4 Rac8 16. Qb3 b5 17. Rfe1 e5 18. dxe5 Bxe3+ 19. Rxe3 dxe5 20. fxe5 Be6
21. Qc2 Nd7 22. Qd2 Nxe5 23. Kh2 Rfd8 24. Rd1 Nc4 25. Qe2 Nxe3 26. Qxe3 Qc7+ 27. g3 Bc4 28. h4 Bxd3 29. Rxd3 Rxd3 30. Qxd3 Rd8
31. Nd5 Qc4 32. Ne7+
1-0

[Event "Large Candidates Tournament"]
[Site "SchemingMind.com"]
[Date "2007.08.22"]
[Round "-"]
[White "jorge47"]
[Black "Dannibal"]
[Result "1-0"]
[WhiteCountry "ARG"]
[BlackCountry "BEL"]
[WhiteElo "1552"]
[WhiteRD "83"]
[BlackElo "781"]
[BlackRD "104"]
[GameID "117525"]

1. e4 Nc6 2. Nf3 e5 3. Bb5 Nb4 4. c3 Nd3+ 5. Bxd3 Bc5 6. O-O d6 7. b4 Bxf2+ 8. Rxf2 Nf6 9. h3 Be6 10. Bb2 h5
11. c4 Rh6 12. Nc3 c5 13. b5 Qa5 14. Nd5 Bxd5 15. cxd5 Qxb5 16. Bxb5+ Nd7 17. Qa4 Rg6 18. Bxd7+ Kd8 19. Nxe5 Rf6 20. Rxf6 gxf6
21. Be8 Kc7 22. Qd7+ Kb6 23. Nc4+ Ka6 24. Qa4#
1-0

[Event "Large Candidates Tournament"]
[Site "SchemingMind.com"]
[Date "2007.08.22"]
[Round "-"]
[White "jorge47"]
[Black "Inkvizitor"]
[Result "1/2-1/2"]
[WhiteCountry "ARG"]
[BlackCountry "CRO"]
[WhiteElo "1552"]
[WhiteRD "83"]
[BlackElo "1630"]
[BlackRD "190"]
[GameID "117526"]

1. e4 e5 2. Nf3 Nc6 3. Bc4 Bc5 4. O-O Nf6 5. Re1 O-O 6. h3 d6 7. c3 Be6 8. Bxe6 fxe6 9. b4 Bb6 10. a4 a6
11. Bb2 Ne7 12. d4 exd4 13. Nxd4 Bxd4 14. cxd4 d5 15. e5 Ne4 16. Nc3 Nxc3 17. Bxc3 b5 18. a5 Qd7 19. Ra2 Nf5 20. g3 c6=
1/2-1/2

[Event "Large Candidates Tournament"]
[Site "SchemingMind.com"]
[Date "2007.08.22"]
[Round "-"]
[White "tacticrules"]
[Black "jorge47"]
[Result "0-1"]
[WhiteCountry "GER"]
[BlackCountry "ARG"]
[WhiteElo "1454"]
[WhiteRD "49"]
[BlackElo "1578"]
[BlackRD "72"]
[GameID "117527"]

1. d4 d5 2. Nf3 Nf6 3. c4 e6 4. g3 Be7 5. Bg2 O-O 6. O-O b6 7. Bg5 Bb7 8. Ne5 h6 9. Bf4 Nfd7 10. Nxd7 Qxd7
11. Qc2 c5 12. Rd1 Na6 13. cxd5 Bxd5 14. dxc5 Bxc5 15. e4 Nb4 16. Qe2 Bc4 17. Rxd7 Bxe2 18. Nc3 Nc2 19. Rc1 Nd4 20. Rxd4 Bxd4
21. Nxe2 Bxb2 22. Rc7 e5 23. Be3 Rfc8 24. Rxc8+ Rxc8 25. f4 Rc2 26. Kf1 f6 27. Ke1 exf4 28. gxf4 Bc3+ 29. Kd1 Rxa2
0-1

[Event "Large Candidates Tournament"]
[Site "SchemingMind.com"]
[Date "2007.08.22"]
[Round "-"]
[White "Dannibal"]
[Black "jorge47"]
[Result "0-1"]
[WhiteCountry "BEL"]
[BlackCountry "ARG"]
[WhiteElo "781"]
[WhiteRD "104"]
[BlackElo "1552"]
[BlackRD "83"]
[GameID "117528"]

1. e4 c5 2. Bc4 d6 3. Bb5+ Bd7 4. c4 a6 5. Bxd7+ Qxd7 6. Nf3 g6 7. d3 Nc6 8. Bg5 Bg7 9. Nbd2 Bxb2 10. Qb1 Bxa1
11. Qxa1 f6 12. Bf4 e5 13. Nxe5 dxe5 14. Bg3 Qxd3 15. Bxe5 Nxe5 16. Qc1 O-O-O 17. f4 Qe3+ 18. Kd1 Nd3 19. Qc3 Nf2+ 20. Kc2 Rd3
21. Qb2 Rxd2+ 22. Kc1 Rxb2+ 23. Kxb2 Nxh1 24. a4 Ne7 25. h4 Rd8 26. f5 Rd2+ 27. Kc1 Qe1#
0-1

[Event "Large Candidates Tournament"]
[Site "SchemingMind.com"]
[Date "2007.08.22"]
[Round "-"]
[White "Inkvizitor"]
[Black "jorge47"]
[Result "0-1"]
[WhiteCountry "CRO"]
[BlackCountry "ARG"]
[WhiteElo "1401"]
[WhiteRD "96"]
[BlackElo "1578"]
[BlackRD "72"]
[GameID "117529"]

1. d4 d5 2. c4 e6 3. Nc3 Nf6 4. Nf3 Be7 5. Bg5 h6 6. Bh4 O-O 7. e3 b6 8. Be2 Bb7 9. Bxf6 Bxf6 10. cxd5 exd5
11. b4 Ba6 12. b5 Bb7 13. O-O a6 14. a4 Re8 15. Qb3 c5 16. bxc6 Bxc6 17. Rab1 Qd7 18. Bd1 b5 19. axb5 Bxb5 20. Nxb5 axb5
21. Qxb5 Qxb5 22. Rxb5 Rd8 23. Bb3 Nc6 24. Bxd5 Rac8 25. Bxc6 Rxc6 26. Rc5 Rdc8 27. Rfc1 Rxc5 28. dxc5 g5 29. c6 Bd8 30. Nd4 Kf8
31. Nb5 Bc7 32. Nxc7 Rxc7 33. Kf1 Ke7 34. Ke2 Kd6 35. Kf3 Rxc6 36. Rxc6+ Kxc6 37. Kg4 Kd6 38. Kh5 f6
0-1

[Event "Large Candidates Tournament"]
[Site "SchemingMind.com"]
[Date "2007.08.22"]
[Round "-"]
[White "kingpatzer"]
[Black "tacticrules"]
[Result "0-1"]
[WhiteCountry "ENG"]
[BlackCountry "GER"]
[WhiteElo "1308"]
[WhiteRD "102"]
[BlackElo "1570"]
[BlackRD "48"]
[GameID "117537"]

1. e4 e6 2. d4 d5 3. exd5 exd5 4. Bd3 Nf6 5. Nf3 Bd6 6. O-O O-O 7. Bg5 Nbd7 8. Qd2 h6 9. Bh4 c6 10. Re1 Re8
11. Na3 Rxe1+ 12. Rxe1 Bxa3 13. bxa3 Qb6 14. Qe2 Qd8 15. Ne5 g5 16. Bg3 Nxe5 17. dxe5 Nd7 18. Qh5 Qf8 19. Bg6 fxg6 20. Qxg6+ Qg7
0-1

[Event "Large Candidates Tournament"]
[Site "SchemingMind.com"]
[Date "2007.08.22"]
[Round "-"]
[White "kingpatzer"]
[Black "jorge47"]
[Result "0-1"]
[WhiteCountry "ENG"]
[BlackCountry "ARG"]
[WhiteElo "1308"]
[WhiteRD "102"]
[BlackElo "1580"]
[BlackRD "75"]
[GameID "117538"]

1. e4 c5 2. Nf3 d6 3. Bb5+ Bd7 4. Bxd7+ Nxd7 5. O-O Qc7 6. Nc3 a6 7. Nd5 Qc6 8. Qe2 e6 9. d4 Ne7 10. Nxe7 Bxe7
11. c3 Nf6 12. Re1 O-O 13. Bg5 b5 14. Rad1 h6 15. Bxf6 Bxf6 16. d5 exd5 17. exd5 Qd7 18. b3 Bxc3 19. Rf1 Rfe8 20. Qc2 b4
21. Nd2 Re2
0-1

[Event "Large Candidates Tournament"]
[Site "SchemingMind.com"]
[Date "2007.08.22"]
[Round "-"]
[White "tacticrules"]
[Black "kingpatzer"]
[Result "1-0"]
[WhiteCountry "GER"]
[BlackCountry "ENG"]
[WhiteElo "1570"]
[WhiteRD "48"]
[BlackElo "1308"]
[BlackRD "102"]
[GameID "117541"]

1. d4 c6 2. c4 d5 3. cxd5 cxd5 4. Nf3 Nf6 5. Nc3 Nc6 6. Bf4 Bf5 7. e3 e6 8. Rc1 Rc8 9. Bd3 Bxd3 10. Qxd3 Nh5
11. Bg5 Qb6 12. Qd2 Bb4 13. O-O O-O 14. a3 Be7 15. Bxe7 Nxe7 16. Rfe1 Nf6 17. Ne5 Nc6 18. Nxc6 bxc6 19. f3
1-0

[Event "Large Candidates Tournament"]
[Site "SchemingMind.com"]
[Date "2007.08.22"]
[Round "-"]
[White "jorge47"]
[Black "kingpatzer"]
[Result "1-0"]
[WhiteCountry "ARG"]
[BlackCountry "ENG"]
[WhiteElo "1580"]
[WhiteRD "75"]
[BlackElo "1308"]
[BlackRD "102"]
[GameID "117542"]

1. e4 c6 2. Nf3 d5 3. exd5 cxd5 4. d4 Nf6 5. Bb5+ Nc6 6. O-O Bg4 7. h3 Bh5 8. Be3 Rc8 9. Nbd2 Qb6 10. Bxc6+ Rxc6
11. b3 e6 12. c4 Rc8 13. c5 Qc7 14. a3 Be7 15. b4 b6 16. Qc2 O-O 17. Ne5 Nd7 18. g4 Nxe5 19. gxh5 Nd7 20. Nb3 bxc5
21. Nxc5
1-0

[Event "Large Candidates Tournament"]
[Site "SchemingMind.com"]
[Date "2007.08.22"]
[Round "-"]
[White "Dannibal"]
[Black "kingpatzer"]
[Result "0-1"]
[WhiteCountry "BEL"]
[BlackCountry "ENG"]
[WhiteElo "781"]
[WhiteRD "104"]
[BlackElo "1532"]
[BlackRD "228"]
[GameID "117543"]

1. e4 c6 2. Qg4 d5 3. Qf4 dxe4 4. Qxe4 Nf6 5. f3 Nxe4 6. fxe4 Nd7 7. d4 e6 8. Bc4 c5 9. d5 Qh4+ 10. Ke2 Qxe4+
11. Be3 Qxg2+ 12. Bf2 Qxh1 13. Nc3 Qxh2 14. Bb5 Qe5+ 15. Be3 Be7 16. Nf3 Qd6 17. Ne4 Qxd5 18. Bxd7+ Qxd7 19. Bxc5 O-O 20. Rg1 f5
21. Rxg7+ Kxg7 22. Ne5 Qb5+ 23. Kf3 fxe4+ 24. Kxe4 Bxc5 25. b3 Qe2#
0-1

[Event "Large Candidates Tournament"]
[Site "SchemingMind.com"]
[Date "2007.08.22"]
[Round "-"]
[White "Kojot"]
[Black "tacticrules"]
[Result "0-1"]
[WhiteCountry "POL"]
[BlackCountry "GER"]
[WhiteElo "1075"]
[WhiteRD "101"]
[BlackElo "1570"]
[BlackRD "48"]
[GameID "117557"]

1. e4 e6 2. a3 d5 3. exd5 exd5 4. Qf3 Nf6 5. Bb5+ c6 6. Ba4 Bg4 7. Qe3+ Be7 8. f3 Bf5 9. d3 O-O 10. Ne2 Bd6
11. Qf2 Qc7 12. g4 Bg6 13. h4 h6 14. g5 Nh5 15. gxh6 Re8 16. Be3 Ng3 17. Rg1 Nxe2 18. Kxe2 Bf4 19. Kd1 Bxe3
0-1

[Event "Large Candidates Tournament"]
[Site "SchemingMind.com"]
[Date "2007.08.23"]
[Round "-"]
[White "Kojot"]
[Black "jorge47"]
[Result "0-1"]
[WhiteCountry "POL"]
[BlackCountry "ARG"]
[WhiteElo "1075"]
[WhiteRD "101"]
[BlackElo "1580"]
[BlackRD "75"]
[GameID "117558"]

1. e4 c5 2. Qf3 Nc6 3. Bc4 Ne5 4. Qb3 Nxc4 5. Qxc4 e5 6. Nf3 d6 7. h3 Be6 8. Qb5+ Qd7 9. Qxd7+ Bxd7 10. Nc3 h6
11. Nd5 O-O-O 12. d3 f5 13. exf5 Bxf5 14. Be3 Nf6 15. Nxf6 gxf6 16. Nh4 Bh7 17. a3 f5 18. f4 Be7 19. Nf3 e4
0-1

[Event "Large Candidates Tournament"]
[Site "SchemingMind.com"]
[Date "2007.08.22"]
[Round "-"]
[White "Kojot"]
[Black "Inkvizitor"]
[Result "0-1"]
[WhiteCountry "POL"]
[BlackCountry "CRO"]
[WhiteElo "1075"]
[WhiteRD "101"]
[BlackElo "1591"]
[BlackRD "125"]
[GameID "117560"]

1. e4 e5 2. a3 Bc5 3. Nf3 Nf6 4. Bc4 Nxe4 5. d4 Bxd4 6. Nxd4 exd4 7. Qxd4 Nf6 8. Bg5 Nc6 9. Qd3 Qe7+ 10. Qe2 Qxe2+
11. Bxe2 Ne4 12. Bh4 d6 13. Bf3 g5 14. Bxe4 gxh4 15. Bxc6+ bxc6 16. O-O h3 17. Re1+ Kd8 18. g3 h5 19. f3 f5 20. Nd2 h4
21. gxh4 Rxh4 22. Kf2 Bd7 23. Kg3 Rh8 24. Nc4 f4+ 25. Kxf4 Rh4+ 26. Kg3 Rxc4 27. c3 Rb8 28. Ra2 Rb5 29. f4 Rf5 30. Rf1 Rf8
31. Raa1 Rg8+ 32. Kf3 Rg2 33. Rg1 Bg4+ 34. Ke3 Re2+ 35. Kd3 Rxf4 36. Rxg4 Rxg4 37. Kxe2 Rg2+ 38. Kf3 Rxh2 39. Kg3 Rxb2
0-1

[Event "Large Candidates Tournament"]
[Site "SchemingMind.com"]
[Date "2007.08.23"]
[Round "-"]
[White "Kojot"]
[Black "kingpatzer"]
[Result "0-1"]
[WhiteCountry "POL"]
[BlackCountry "ENG"]
[WhiteElo "1075"]
[WhiteRD "101"]
[BlackElo "1308"]
[BlackRD "102"]
[GameID "117561"]

1. e4 c6 2. d4 d5 3. e5 Bf5 4. h3 e6 5. Bd3 Bxd3 6. Qxd3 Nd7 7. Nf3 c5 8. c3 Ne7 9. Bg5 Qb6 10. Qc2 Rc8
11. Qd2 Nc6 12. Be3 cxd4 13. Nxd4 Ncxe5 14. O-O Nc4 15. Qc2 Qxb2 16. Qxb2 Nxb2 17. Nb3 Nc4 18. Bxa7 Nc5 19. Bxc5 Bxc5 20. a4 Be7
21. f4 O-O 22. Kf2 Nd6 23. Ke2 Ne4 24. Kd3 Bf6 25. Rc1 Nc5+ 26. Nxc5 Rxc5 27. a5 Ra8 28. Nd2 Raxa5 29. Rxa5 Rxa5 30. c4 Rc5
31. Rb1 dxc4+ 32. Nxc4 Rd5+ 33. Ke3 Rd7 34. Ne5 Bxe5 35. fxe5 Kf8 36. Ra1 Rd8 37. Ra7 Rb8 38. Kd4 b5 39. Kc3 g6 40. Kb4 Kg7
41. Ra5 f5
0-1

[Event "Large Candidates Tournament"]
[Site "SchemingMind.com"]
[Date "2007.08.22"]
[Round "-"]
[White "tacticrules"]
[Black "Kojot"]
[Result "1-0"]
[WhiteCountry "GER"]
[BlackCountry "POL"]
[WhiteElo "1570"]
[WhiteRD "48"]
[BlackElo "1075"]
[BlackRD "101"]
[GameID "117562"]

1. e4 b6 2. d4 h6 3. Nc3 a6 4. f4 e6 5. Nf3 Bb7 6. Bc4 g6 7. O-O Bg7 8. a4 Ne7 9. f5 exf5 10. exf5 Nxf5
11. Re1+ Ne7 12. Ne5 O-O 13. Be3 Nf5 14. Qg4 d6 15. Nxg6 Qh4 16. Nxh4 Nxh4 17. Qxh4 Nc6 18. Bxh6 Bxd4+ 19. Kh1 Rfe8 20. Qg5+ Kh8
21. Rxe8+ Rxe8 22. Bxf7 Ra8 23. Rd1 Be5 24. Re1 Bd4 25. Re8+
1-0

[Event "Large Candidates Tournament"]
[Site "SchemingMind.com"]
[Date "2007.08.22"]
[Round "-"]
[White "jorge47"]
[Black "Kojot"]
[Result "1-0"]
[WhiteCountry "ARG"]
[BlackCountry "POL"]
[WhiteElo "1580"]
[WhiteRD "75"]
[BlackElo "1075"]
[BlackRD "101"]
[GameID "117563"]

1. e4 b6 2. d4 g6 3. Nf3 Bb7 4. Nc3 Bg7 5. Bc4 a6 6. a4 e6 7. O-O h6 8. b4 d6 9. Bd3 Nd7 10. Be3 Ne7
11. Ne2 Qc8 12. c3 f5 13. Nd2 fxe4 14. Nxe4 Rf8 15. f4 Nf5 16. Bd2 Bxe4 17. Bxe4 d5 18. Bxf5 gxf5 19. Ng3 Nf6 20. Nh5
1-0

[Event "Large Candidates Tournament"]
[Site "SchemingMind.com"]
[Date "2007.08.23"]
[Round "-"]
[White "Dannibal"]
[Black "Kojot"]
[Result "1-0"]
[WhiteCountry "BEL"]
[BlackCountry "POL"]
[WhiteElo "820"]
[WhiteRD "106"]
[BlackElo "1075"]
[BlackRD "101"]
[GameID "117564"]

1. d4 b6 2. Bf4 h6 3. g4 g6 4. Nc3 Bb7 5. f3 Bg7 6. Bh3 e6 7. g5 Ne7 8. gxh6 Bxh6 9. e3 Bxf4 10. exf4 Nd5
11. Nxd5 Bxd5 12. a4 Qh4+ 13. Kd2 Qxf4+ 14. Ke1 Nc6 15. Qe2 Nxd4 16. Qd3 Bxf3 17. Nxf3 Nxf3+ 18. Kf2 Ne5+ 19. Ke2
1-0

[Event "Large Candidates Tournament"]
[Site "SchemingMind.com"]
[Date "2007.08.22"]
[Round "-"]
[White "Inkvizitor"]
[Black "Kojot"]
[Result "1-0"]
[WhiteCountry "CRO"]
[BlackCountry "POL"]
[WhiteElo "1591"]
[WhiteRD "125"]
[BlackElo "1075"]
[BlackRD "101"]
[GameID "117565"]

1. d4 d5 2. c4 dxc4 3. Nf3 a6 4. e3 b5 5. a4 bxa4 6. Qxa4+ Qd7 7. Qxc4 Nc6 8. Ng5 e6 9. Ne4 Rb8 10. Nc5 Bxc5
11. Qxc5 Qd6 12. Qxd6 cxd6 13. Be2 Nf6 14. O-O Nb4 15. Na3 d5 16. Bd2 O-O 17. Rfc1 Bd7 18. Nc2 Nxc2 19. Rxc2 Bb5 20. Bxb5 axb5
21. f3 Nd7 22. Ra7 Nb6 23. Rcc7 Rbc8 24. Rxc8 Rxc8 25. b3 Rc2 26. Ba5 Nc8 27. Ra8 h5 28. Rb8
1-0

[Event "Large Candidates Tournament"]
[Site "SchemingMind.com"]
[Date "2007.08.23"]
[Round "-"]
[White "kingpatzer"]
[Black "Kojot"]
[Result "1-0"]
[WhiteCountry "ENG"]
[BlackCountry "POL"]
[WhiteElo "1525"]
[WhiteRD "230"]
[BlackElo "1482"]
[BlackRD "230"]
[GameID "117566"]

1. e4 b6 2. d4 g6 3. Nf3 a6 4. Nc3 h6 5. Bc4 Bg7 6. O-O Bb7 7. Re1 d6 8. Qe2 Nd7 9. a4 e6 10. Kh1 Ne7
11. Be3 Qc8 12. d5 e5 13. a5 b5 14. Bd3 Qd8 15. Kg1 f5 16. Nh4 f4 17. Bd2 Nf6 18. Bxb5+ Kf7 19. Bc4 h5 20. Na2 Bc8
21. Nf3 Bh6 22. Nb4 g5 23. Nxe5+ dxe5 24. d6+ Kg6 25. dxe7 Qxe7 26. Bd5 Rb8 27. Nc6 Qd6 28. Nxb8 g4 29. Rad1 Qc5 30. Bc3 g3
31. Nc6 gxh2+ 32. Kxh2 Ng4+ 33. Kg1 Qf8 34. Nxe5+ Nxe5 35. Bxe5 Rh7 36. Qc4 c5 37. Bg8 h4 38. Rd6+ Kg5 39. Bxh7 f3 40. Bf4+ Qxf4
41. Qg8+
1-0

[Event "Large Candidates Tournament"]
[Site "SchemingMind.com"]
[Date "2007.08.22"]
[Round "-"]
[White "Negrito19"]
[Black "tacticrules"]
[Result "0-1"]
[WhiteCountry "ARG"]
[BlackCountry "GER"]
[WhiteElo "1648"]
[WhiteRD "68"]
[BlackElo "1677"]
[BlackRD "51"]
[GameID "117570"]

1. e4 e6 2. d4 d5 3. e5 c5 4. b3 cxd4 5. Qxd4 Nc6 6. Bb5 Bd7 7. Bxc6 Bxc6 8. Nf3 Ne7 9. Bg5 h6 10. Bh4 g5
11. Bg3 Nf5 12. Qd2 Qb6 13. a4 Rc8 14. c3 Nxg3 15. hxg3 Qxb3 16. Nd4 Qc4 17. Na3 Qxa4 18. Qc1 Bxa3 19. Rxa3 Qc4 20. Ne2 Bb5
21. Qd2 Qe4 22. O-O Qxe2 23. Qxe2 Bxe2 24. Rc1 a6 25. Rb1 Bb5 26. Rb4 Rc4 27. Rb2 Kd7 28. f3 Rhc8 29. Rc2 d4 30. Rd2 Rxc3
31. Rxd4+ Ke7 32. Ra2 Rc2 33. Ra3 Re2 34. f4 gxf4 35. gxf4 Rcc2 36. Rg3 h5 37. Rg5 h4 38. f5 exf5 39. Rxh4 Bc6 40. Rf4 Rxe5
41. Kh2 f6 42. Rg7+ Ke6 43. Rh4 Ree2 44. Rh6 Rxg2+ 45. Rxg2 Rxg2+ 46. Kh3 b5 47. Rh4 Re2 48. Ra4 bxa4
0-1

[Event "Large Candidates Tournament"]
[Site "SchemingMind.com"]
[Date "2007.08.22"]
[Round "-"]
[White "Negrito19"]
[Black "jorge47"]
[Result "1-0"]
[WhiteCountry "ARG"]
[BlackCountry "ARG"]
[WhiteElo "1648"]
[WhiteRD "68"]
[BlackElo "1552"]
[BlackRD "83"]
[GameID "117571"]

1. e4 c5 2. Bc4 d6 3. Nc3 Nc6 4. Nf3 Bg4 5. h3 Bh5 6. g4 Bg6 7. d3 e6 8. Be3 Be7 9. h4 h6 10. h5 Bh7
11. Qd2 g5 12. hxg6 Bxg6 13. g5 Qb6 14. Bb5 h5 15. d4 a6 16. dxc5 dxc5 17. Bxc6+ Qxc6 18. Ne5 Qd6 19. Qxd6 Bxd6 20. Nxg6 fxg6
21. O-O-O O-O-O 22. f4 Ne7 23. Na4 Rhf8 24. Rhf1 Nc6 25. a3 Kc7 26. Rd3 b5 27. Nxc5 a5 28. Nxe6+ Kb7 29. Nxf8 Bxf8 30. Rxd8 Nxd8
31. Rd1 Ne6 32. f5 Ng7 33. Rd7+ Kc6 34. Rf7
1-0

[Event "Large Candidates Tournament"]
[Site "SchemingMind.com"]
[Date "2007.08.23"]
[Round "-"]
[White "Negrito19"]
[Black "Dannibal"]
[Result "1-0"]
[WhiteCountry "ARG"]
[BlackCountry "BEL"]
[WhiteElo "1655"]
[WhiteRD "65"]
[BlackElo "850"]
[BlackRD "115"]
[GameID "117572"]

1. e4 Nf6 2. e5 Nd5 3. c4 Nb4 4. Nf3 Nd3+ 5. Bxd3 e6 6. Qa4 Bc5 7. O-O h5 8. b4 Bxf2+ 9. Rxf2 c6 10. Na3 Qb6
11. c5 Qd8 12. Nc4 b5 13. Nd6+ Ke7 14. Qc2 Ba6 15. Ng5 f6 16. Bg6 Qc7 17. exf6+ gxf6 18. Ngf7 Rf8 19. Bb2 Qxd6 20. Bxf6+ Ke8
21. Nxd6#
1-0

[Event "Large Candidates Tournament"]
[Site "SchemingMind.com"]
[Date "2007.08.22"]
[Round "-"]
[White "Negrito19"]
[Black "Inkvizitor"]
[Result "1/2-1/2"]
[WhiteCountry "ARG"]
[BlackCountry "CRO"]
[WhiteElo "1648"]
[WhiteRD "68"]
[BlackElo "1630"]
[BlackRD "190"]
[GameID "117573"]

1. e4 e5 2. Bc4 Nf6 3. Nf3 Nxe4 4. d3 Nf6 5. Nxe5 d5 6. Bb3 Bd6 7. Bf4 O-O 8. O-O Re8 9. Re1 c6 10. d4 Nbd7
11. Nxf7 Rxe1+ 12. Qxe1 Qe7 13. Qxe7 Bxe7 14. Ng5 Nf8 15. c4 Ne6 16. cxd5 Nxd5 17. Nxe6 Bxe6 18. Be5 Re8 19. Nc3 Bd8 20. Re1 Nxc3
21. bxc3 Bxb3=
1/2-1/2

[Event "Large Candidates Tournament"]
[Site "SchemingMind.com"]
[Date "2007.08.22"]
[Round "-"]
[White "Negrito19"]
[Black "Kojot"]
[Result "1-0"]
[WhiteCountry "ARG"]
[BlackCountry "POL"]
[WhiteElo "1634"]
[WhiteRD "66"]
[BlackElo "1075"]
[BlackRD "101"]
[GameID "117574"]

1. e4 e5 2. Nf3 Nc6 3. Bc4 Nf6 4. Nc3 Bc5 5. d3 h6 6. O-O d6 7. h3 g5 8. Nd5 g4 9. hxg4 Bxg4 10. Be3 Bxe3
11. Nxe3 Bxf3 12. Qxf3 Nd4 13. Qd1 h5 14. c3 Nc6 15. Nf5 Rh7 16. f4 Ng4 17. Qf3 Qd7 18. Rad1 O-O-O 19. d4 exf4 20. Qxf4 f6
21. Bb5 a6 22. Bxc6 bxc6 23. e5 dxe5 24. Qe4 Kb7 25. d5 cxd5 26. Rxd5 Qxd5 27. Nd6+ Rxd6 28. Qxh7 Ne3 29. Rf2 Rd7 30. Qxh5 Rg7
31. Qh3 Qd1+ 32. Kh2 Ng4+ 33. Kg3 Nxf2+ 34. Kxf2 Qd2+ 35. Kg1 Rg5 36. Qf3+ c6 37. b4
1-0

[Event "Large Candidates Tournament"]
[Site "SchemingMind.com"]
[Date "2007.08.23"]
[Round "-"]
[White "Negrito19"]
[Black "kingpatzer"]
[Result "1-0"]
[WhiteCountry "ARG"]
[BlackCountry "ENG"]
[WhiteElo "1655"]
[WhiteRD "65"]
[BlackElo "1525"]
[BlackRD "230"]
[GameID "117575"]

1. e4 c6 2. Bc4 d5 3. exd5 cxd5 4. Bb5+ Nc6 5. d4 a6 6. Bxc6+ bxc6 7. Nf3 Bg4 8. Bf4 Qb6 9. b3 e6 10. O-O Nf6
11. h3 Bh5 12. Qd3 Bg6 13. Qe2 c5 14. c4 cxd4 15. Ne5 Bxb1 16. Raxb1 Bd6 17. cxd5 Nxd5 18. Nc4 Nxf4 19. Qe4 Qc5 20. Qxa8+
1-0

[Event "Large Candidates Tournament"]
[Site "SchemingMind.com"]
[Date "2007.08.22"]
[Round "-"]
[White "tacticrules"]
[Black "Negrito19"]
[Result "0-1"]
[WhiteCountry "GER"]
[BlackCountry "ARG"]
[WhiteElo "1570"]
[WhiteRD "48"]
[BlackElo "1634"]
[BlackRD "66"]
[GameID "117576"]

1. e4 e5 2. Nf3 Nc6 3. Nc3 Bb4 4. Bb5 Qf6 5. Nd5 Qd6 6. Ng5 h6 7. Nf3 a6 8. Bxc6 dxc6 9. Nxb4 Qxb4 10. O-O Qxe4
11. Nxe5 Be6 12. Re1 Qh4 13. Nf3 Qh5 14. d4 O-O-O 15. Be3 c5 16. c3 cxd4 17. cxd4 Nf6 18. Qc2 Ng4 19. Rac1 Rd7 20. Ne5 Qxh2+
21. Kf1 Nxe5 22. dxe5 Qh1+ 23. Ke2 Bg4+
0-1